Príjmy domácností v roku 1996

Zisťovanie ŠÚ SR o štruktúre a úrovni príjmov domácností (mikrocenzus) v roku 1996. Príjmy domácností podľa: stupňa sociálnej aktivity prednostu domácnosti, typu domácnosti, vzdelania prednostu domácnosti a počtu ekonomicky aktívnych členov domácnosti.

Saved in:
Bibliographic Details
Main Author: Horecký, Marián
Other Authors: Kováčová, Yvonna
Format: Book Chapter
Language:Slovak
Subjects:
Tags: Add Tag
No Tags, Be the first to tag this record!

MARC

LEADER 00000naa a2200000 4500
001 r034889
005 20230906071407.7
041 0 |a slo 
044 |a SK 
245 1 0 |a Príjmy domácností v roku 1996  |c Marián Horecký, Yvonna Kováčová 
520 |a Zisťovanie ŠÚ SR o štruktúre a úrovni príjmov domácností (mikrocenzus) v roku 1996. Príjmy domácností podľa: stupňa sociálnej aktivity prednostu domácnosti, typu domácnosti, vzdelania prednostu domácnosti a počtu ekonomicky aktívnych členov domácnosti. 
610 2 0 |a príjmy rodinné 
610 2 0 |a príjmy obyvateľstva 
610 2 0 |a úroveň životná 
610 2 0 |a domácnosti 
610 2 0 |a mikrocenzus 
610 2 0 |a aktivita spoločenská 
610 2 0 |a vzdelanie 
610 2 0 |a obyvateľstvo aktívne 
610 2 0 |a Slovensko 
610 2 0 |a štatistika 
610 2 0 |a 1996 
610 2 0 |a štruktúra obyvateľstva ekonomická 
100 1 |a Horecký, Marián 
700 1 |a Kováčová, Yvonna